A Christmas vanishing : (Record no. 389680)
[ view plain ]
| 000 -LEADER | |
|---|---|
| fixed length control field | 02520pam a2200409 i 4500 |
| 001 - CONTROL NUMBER | |
| control field | 2023028263 |
| 003 - CONTROL NUMBER IDENTIFIER | |
| control field | DLC |
| 005 - DATE AND TIME OF LATEST TRANSACTION | |
| control field | 20231107122946.0 |
| 008 - FIXED-LENGTH DATA ELEMENTS--GENERAL INFORMATION | |
| fixed length control field | 230707s2023 nyu 000 1 eng |
| 010 ## - LIBRARY OF CONGRESS CONTROL NUMBER | |
| LC control number | 2023028263 |
| 020 ## - INTERNATIONAL STANDARD BOOK NUMBER | |
| International Standard Book Number | 9780593359181 |
| Qualifying information | (hardcover) |
| 020 ## - INTERNATIONAL STANDARD BOOK NUMBER | |
| Cancelled/invalid ISBN | 9780593359198 |
| Qualifying information | (ebook) |
| 035 ## - SYSTEM CONTROL NUMBER | |
| System control number | (OCoLC)1370217416 |
| 040 ## - CATALOGING SOURCE | |
| Original cataloging agency | DLC |
| Language of cataloging | eng |
| Description conventions | rda |
| Transcribing agency | DLC |
| Modifying agency | TnLvILS |
| 042 ## - AUTHENTICATION CODE | |
| Authentication code | pcc |
| 092 ## - LOCALLY ASSIGNED DEWEY CALL NUMBER (OCLC) | |
| Classification number | Fiction |
| Item number | Perry |
| 100 1# - MAIN ENTRY--PERSONAL NAME | |
| Personal name | Perry, Anne, |
| Relator term | author. |
| 245 12 - TITLE STATEMENT | |
| Title | A Christmas vanishing : |
| Remainder of title | a novel / |
| Statement of responsibility, etc | Anne Perry. |
| 250 ## - EDITION STATEMENT | |
| Edition statement | First edition. |
| 264 #1 - Production, Publication, Distribution, Manufacture, and Copyright Notice. | |
| Place of production, publication, distribution, manufacture | New York : |
| Name of producer, publisher, distributor, manufacturer | Ballantine Books, |
| Date of production, publication, distribution, manufacture, or copyr | 2023. |
| 300 ## - PHYSICAL DESCRIPTION | |
| Extent | 208 pages ; |
| Dimensions | 19 cm. |
| 336 ## - Content Type | |
| Content type term | text |
| 337 ## - Media type | |
| Media type term | unmediated |
| 338 ## - Carrier type | |
| Carrier type term | volume |
| 490 1# - SERIES STATEMENT | |
| Series statement | Christmas novels. |
| 520 ## - SUMMARY, ETC. | |
| Summary, etc | "Mariah Ellison, Charlotte Pitt's grandmother, accepts her longtime friend Winnie's gracious invitation to spend Christmas with her and her husband, Barton, in their picturesque village. But upon arrival, Mariah discovers that Winnie has vanished without a trace, and Barton rudely rescinds the invitation. Once Mariah finds another acquaintance to stay with during the holiday season, she begins investigating Winnie's disappearance. Mariah's uncanny knack for solving mysteries serves her well during her search, which is driven by gossip as icy as the December weather. Did Winnie run off with another man? Was she kidnapped? Has someone harmed her? The speculation leads Mariah all around the village, revealing hidden relationships, old debts of honor, and memories of past loves. Frustratingly, though, she learns more about the townspeople spreading the rumors than she does about Winnie's whereabouts. It is up to Mariah to drown out the noise and get to the bottom of what occurred ... all before Christmas day. With the holiday rapidly approaching, will she succeed in bringing Winnie home in time to celebrate together--or is that too much to hope for?"-- |
| 650 #0 - SUBJECT ADDED ENTRY--TOPICAL TERM | |
| Topical term or geographic name as entry element | Christmas stories. |
| 650 #0 - SUBJECT ADDED ENTRY--TOPICAL TERM | |
| Topical term or geographic name as entry element | Female friendship |
| Form subdivision | Fiction. |
| 9 (RLIN) | 5674580 |
| 650 #0 - SUBJECT ADDED ENTRY--TOPICAL TERM | |
| Topical term or geographic name as entry element | Missing persons |
| Form subdivision | Fiction. |
| 655 #7 - INDEX TERM--GENRE/FORM | |
| Genre/form data or focus term | Detective and mystery fiction. |
| Source of term | lcgft. |
| 9 (RLIN) | 5683641 |
| 655 #7 - INDEX TERM--GENRE/FORM | |
| Genre/form data or focus term | Christmas fiction. |
| Source of term | lcgft. |
| 9 (RLIN) | 5733050 |
| 655 #7 - INDEX TERM--GENRE/FORM | |
| Genre/form data or focus term | Novels. |
| Source of term | lcgft. |
| 776 08 - ADDITIONAL PHYSICAL FORM ENTRY | |
| Display text | Online version: |
| Main entry heading | Perry, Anne. |
| Title | Christmas vanishing |
| Edition | First edition. |
| Place, publisher, and date of publication | New York : Ballantine Books, 2023 |
| International Standard Book Number | 9780593359198 |
| Record control number | (DLC) 2023028264. |
| 800 1# - SERIES ADDED ENTRY--PERSONAL NAME | |
| Personal name | Perry, Anne. |
| Title of a work | Christmas novels. |
| 9 (RLIN) | 5861205 |
| 907 ## - LOCAL DATA ELEMENT G, LDG (RLIN) | |
| a | .b476611581 |
| 942 ## - ADDED ENTRY ELEMENTS (KOHA) | |
| Source of classification or shelving scheme | Dewey Decimal Classification |
| Koha item type | BOOK |
| Withdrawn status | Lost status | Source of classification or shelving scheme | Damaged status | Not for loan | Collection code | Home library | Current library | Shelving location | Date acquired | Source of acquisition | Total Checkouts | Total Renewals | Full call number | Barcode | Date last seen | Date checked out | Cost, replacement price | Price effective from | Koha item type |
|---|---|---|---|---|---|---|---|---|---|---|---|---|---|---|---|---|---|---|---|
| Dewey Decimal Classification | Fiction | Wasatch County Library | Wasatch County Library | First Floor | 11/07/2023 | Micromarketing | 8 | 3 | F Perry | 34301002049015 | 10/15/2025 | 10/02/2025 | 22.00 | 11/07/2023 | BOOK |
